Bankroty podnikov sú zatiaľ raritou Zákonodarcom sa vlani podarilo znovelizovať zákon tak, že pre firmy nemá zmysel navrhovať svojich dlžníkov do konkurzu

Na príklade východoslovenských podnikov, ktoré sú v konkurznom konaní, dokumentovaná nedokonalosť novely zákona o konkurze a vyrovnaní č.122/1993 Z.z.

Gespeichert in:
Bibliographische Detailangaben
1. Verfasser: Beer, Gabriel
Format: Buchkapitel
Sprache:Slowakisch
Schlagworte:
Tags: Tag hinzufügen
Keine Tags, Fügen Sie das erste Tag hinzu!

MARC

LEADER 00000naa a2200000 4500
001 r016288
005 20221213114344.1
041 0 |a slo 
044 |a SK 
245 1 0 |a Bankroty podnikov sú zatiaľ raritou  |b Zákonodarcom sa vlani podarilo znovelizovať zákon tak, že pre firmy nemá zmysel navrhovať svojich dlžníkov do konkurzu  |c G. Beer 
520 |a Na príklade východoslovenských podnikov, ktoré sú v konkurznom konaní, dokumentovaná nedokonalosť novely zákona o konkurze a vyrovnaní č.122/1993 Z.z. 
610 2 0 |a konkurzy 
610 2 0 |a vyrovnanie 
610 2 0 |a bankrot 
610 2 0 |a zákony 
610 2 0 |a Slovensko 
610 2 0 |a 1993 
610 2 0 |a komentáre 
100 1 |a Beer, Gabriel